• 首页
  • 本馆介绍
  • 公告通知
  • 最新文献
  • 馆藏检索
  • 电子资源
  • 读者导购
  • 参考咨询
  • 我的图书馆
  • 登录
  • 详细信息显示
  • 放入我的书架
  • 预约/预借图书
  • 作者相关作品
  • 分类相关作品
  • 丛书相关作品
  • 出版社相关作品

书目信息

  • 表格格式
  • 工作单格式
  • 卡片格式
题名:
园林美术教程
    
 
作者: 马云龙 , 覃斌 主编
分册:  
出版信息: 北京   中国农业出版社  2014
页数: 194页
开本: 26cm
丛书名:
单 册:
中图分类: TU986.1
科图分类:
主题词: 园林艺术--绘画技法--高等职业教育--教材
电子资源:
ISBN: 978-7-109-19052-8
000 00961nam0 2200265 450
001 0400001772
005 20171025154409.28
010    @a978-7-109-19052-8@dCNY68.00
100    @a20150601e20162014em y0chiy50 ea
101 0  @achi
102    @aCN@b110000
105    @aa z 000yy
106    @ar
200 1  @a园林美术教程@9yuan lin mei shu jiao cheng@f马云龙,覃斌主编
205    @a第3版
210    @a北京@c中国农业出版社@d2014@h2016.9
215    @a194页@c图@d26cm
300    @a“十二五”职业教育国家规划教材 高等职业教育农业部“十二五”规划教材 园林、园艺、植物生产类专业教材
330    @a本书分为美术基础知识与绘画基本技能、专业表现技法及应用两部分,内容包括:绘画基础知识,素描,色彩,图案的基础知识等。
606 0  @a园林艺术@x绘画技法@x高等职业教育@j教材
690    @aTU986.1@v5
701  0 @a马云龙@9ma yun long@c(绘画)@4主编
701  0 @a覃斌@9qin bin@f(1980-)@4主编
801  0 @aCN@b91MARC@c20171019
905    @b1025616-20@dTU986.1@f5@e1040=3
    
    园林美术教程/马云龙,覃斌主编.-第3版.-北京:中国农业出版社,2014(2016.9)
    194页:图;26cm
    “十二五”职业教育国家规划教材 高等职业教育农业部“十二五”规划教材 园林、园艺、植物生产类专业教材
    
    ISBN 978-7-109-19052-8:CNY68.00
    本书分为美术基础知识与绘画基本技能、专业表现技法及应用两部分,内容包括:绘画基础知识,素描,色彩,图案的基础知识等。
●
相关链接 在E读中查询图书 在五车中查询图书 在当当中查询图书 在豆瓣中查询图书


正题名:园林美术教程     索取号:TU986.1/1040=3         预约/预借

序号 登录号 条形码 馆藏地/架位号 状态 备注
1 1025616   210256168   第二样本阅览室/ [索取号:TU986.1/1040=3] 在馆    
2 1025617   210256177   密集书库-生命科学系/ [索取号:TU986.1/1040=3] 在馆    
3 1025618   210256186   第三借阅区/ [索取号:TU986.1/1040=3] 在馆    
4 1025619   210256195   第三借阅区/ [索取号:TU986.1/1040=3] 在馆    
5 1025620   210256202   第三借阅区/ [索取号:TU986.1/1040=3] 在馆    
唐山师范学院图书馆 欢迎您!
大连网信软件有限公司© 版权所有